000 00269nam a2200109Ia 4500
008 200302s9999 xx 000 0 und d
100 _aTroy Nagboul
245 _aHappy Architecture In A Real World - 24
260 _bSuh Kyongwon, France
260 _c2007
300 _a255
999 _c4695
_d4695